Neziskovky v zdravotníctve
Z obsahu: Premena na neziskovky nemocniciam (ne)pomohla. Úskalia transformácie. Reštrukturalizácia. Neziskové nemocnice si hľadajú miesto na trhu. Lobizmus, nie pragmatizmus.
Gespeichert in:
| 1. Verfasser: | |
|---|---|
| Weitere Verfasser: | |
| Format: | Buchkapitel |
| Sprache: | Slowakisch |
| Schlagworte: | |
| Tags: |
Keine Tags, Fügen Sie das erste Tag hinzu!
|
MARC
| LEADER | 00000naa$a2200000$$$4500 | ||
|---|---|---|---|
| 001 | 0040517 | ||
| 005 | 20231009083136.2 | ||
| 041 | 0 | |a slo | |
| 044 | |a SK | ||
| 245 | 1 | 0 | |a Neziskovky v zdravotníctve |c Zuzana Horníková, Gabriel Beer |
| 520 | |a Z obsahu: Premena na neziskovky nemocniciam (ne)pomohla. Úskalia transformácie. Reštrukturalizácia. Neziskové nemocnice si hľadajú miesto na trhu. Lobizmus, nie pragmatizmus. | ||
| 610 | 2 | 0 | |a zdravotníctvo |
| 610 | 2 | 0 | |a transformácia |
| 610 | 2 | 0 | |a reštrukturalizácia |
| 610 | 2 | 0 | |a nemocnice |
| 610 | 2 | 0 | |a organizácie neziskové |
| 610 | 2 | 0 | |a lobizmus |
| 100 | 1 | |a Horníková, Zuzana | |
| 700 | 1 | |a Beer, Gabriel | |